000 00580nam a2200181 i 4500
001 38932
003 ES-MaACL
005 20230906155842.0
007 t|
008 030226s1962 sp ||||1| spa d
100 1 _aCambefort, Henri.
_934024
245 1 0 _aPerforaciones y sondeos /
_cHenri Cambefort ; prefacio de M. Laqueille ; [traducción por Angel Rodríguez Paradinas].
260 _aBarcelona :
_bOmega,
_c[1962]
300 _a434 p. ;
_c23 cm.
700 1 _aLaqueille, M.
_970192
700 1 _aRodríguez Paradinas, Angel.
_998721
852 _aES-MaACL
_jC-22447
_bR.51139
999 _c38932
_d38932